A Treasury of nursery rhymes. (Record no. 115089)
[ view plain ]
| 000 -LEADER | |
|---|---|
| fixed length control field | 00433nam a2200157 a 4500 |
| 005 - DATE AND TIME OF LATEST TRANSACTION | |
| control field | 20140414132122.0 |
| 008 - FIXED-LENGTH DATA ELEMENTS--GENERAL INFORMATION | |
| fixed length control field | 121010s19uu xx 00 eng d |
| 050 ## - LIBRARY OF CONGRESS CALL NUMBER | |
| Classification number | TR |
| Item number | Nu974 1992 |
| 245 ## - TITLE STATEMENT | |
| Title | A Treasury of nursery rhymes. |
| 260 ## - PUBLICATION, DISTRIBUTION, ETC. (IMPRINT) | |
| Place of publication, distribution, etc | London : |
| Name of publisher, distributor, etc | Grandreams Limited, |
| Date of publication, distribution, etc | 1992. |
| 300 ## - PHYSICAL DESCRIPTION | |
| Extent | 86 |
| 650 ## - SUBJECT ADDED ENTRY--TOPICAL TERM | |
| Topical term or geographic name as entry element | nursery rhymes-compilation. |
| 700 ## - ADDED ENTRY--PERSONAL NAME | |
| Personal name | Anne Mckie (compiler) |
| 700 ## - ADDED ENTRY--PERSONAL NAME | |
| Personal name | Ken Mckie (illustrator) |
| Withdrawn status | Lost status | Damaged status | Home library | Current library | Shelving location | Date acquired | Source of acquisition | Total Checkouts | Full call number | Barcode | Date last seen | Price effective from | Koha item type |
|---|---|---|---|---|---|---|---|---|---|---|---|---|---|
| Munich Library | Munich Library | Teachers Reference Section | 10/10/2012 | TR Nu974 1992 | M7086 | 04/14/2014 | 04/14/2014 | Books |